| 000 | 02871cam a2200661 i 4500 | ||
|---|---|---|---|
| 999 |
_c2757 _d2757 |
||
| 001 | 20738502 | ||
| 003 | OSt | ||
| 005 | 20230818154901.0 | ||
| 008 | 181109r20082000enka 000 d eng d | ||
| 010 | _a 2017279447 | ||
| 020 |
_a9780194235204 _q(pbk.) |
||
| 020 |
_a0194235203 _q(pbk.) |
||
| 035 | _a(OCoLC)ocn774415260 | ||
| 040 |
_aGO4 _beng _cGO4 _erda _dGO4 _dOVY _dOCLCA _dWAU _dIBI _dOCLCF _dDLC _dKH8 |
||
| 042 | _alccopycat | ||
| 082 | 0 | 4 |
_a428.6 ESC _223 |
| 100 | 1 |
_aEscott, John, _eauthor. |
|
| 245 | 1 | 0 |
_aOne thousand dollars and other plays / _cO. Henry ; retold by John Escott ; [illustrated by: Susan Scott]. |
| 250 | _aSimplified edition. | ||
| 264 | 1 |
_aOxford ; _aNew York : _bOxford University Press, _c[2008] |
|
| 264 | 4 | _c©2008 | |
| 300 |
_a56 pages : _billustrations ; _c20 cm. |
||
| 336 |
_atext _btxt _2rdacontent |
||
| 337 |
_aunmediated _bn _2rdamedia |
||
| 338 |
_avolume _bnc _2rdacarrier |
||
| 490 | 0 | _aOxford bookworms library. Playscripts, stage 2 | |
| 500 | _aOriginally published in Oxford bookworms in 2000. | ||
| 500 | _aStatement of responsibility partially from verso. | ||
| 500 | _aIncludes glossary (pages 39-40) and reading activities (pages 42-49). | ||
| 505 | 0 | 0 |
_tAll that money can buy -- _tOne thousand dollars -- _tA night out -- _tTwo loaves of bread. |
| 520 | _aThese four plays about money, love, and life are adapted from short stories written a hundred years ago by the great American storyteller, O. Henry. Henry had his own difficulties with money and loneliness, and wrote from personal experience. | ||
| 600 | 1 | 0 |
_aHenry, O., _d1862-1910 _vAdaptations. |
| 600 | 1 | 7 |
_aHenry, O., _d1862-1910. _2fast _0(OCoLC)fst00038267 |
| 650 | 0 |
_aMoney _vDrama. |
|
| 650 | 0 |
_aReaders _vDrama. |
|
| 650 | 0 |
_aLove _vDrama. |
|
| 650 | 7 |
_aLove. _2fast _0(OCoLC)fst01002769 |
|
| 650 | 7 |
_aMoney. _2fast _0(OCoLC)fst01025265 |
|
| 650 | 7 |
_aReaders. _2fast _0(OCoLC)fst01090554 |
|
| 655 | 0 | _aReaders for new literates. | |
| 655 | 0 | _aHigh interest-low vocabulary books. | |
| 655 | 7 |
_aLove stories. _2lcsh |
|
| 655 | 7 |
_aReaders (Adult) _2lcsh |
|
| 655 | 7 |
_aAdaptations. _2fast _0(OCoLC)fst01423910 |
|
| 655 | 7 |
_aDrama. _2fast _0(OCoLC)fst01423879 |
|
| 655 | 7 |
_aHigh interest-low vocabulary books. _2fast _0(OCoLC)fst01726639 |
|
| 655 | 7 |
_aReaders. _2fast _0(OCoLC)fst01423896 |
|
| 655 | 7 |
_aReaders (Adult) _2fast _0(OCoLC)fst01726482 |
|
| 655 | 7 |
_aRomance fiction. _2fast _0(OCoLC)fst01921732 |
|
| 655 | 7 |
_aDrama. _2lcgft |
|
| 655 | 7 |
_aAdaptations. _2lcgft |
|
| 700 | 1 |
_aScott, Susan, _d1962- _eillustrator. |
|
| 700 | 1 |
_aHenry, O., _d1862-1910. _tShort stories. _kSelections. _iAdaptation of (work): |
|
| 830 | 0 |
_aOxford bookworms library. _pPlayscripts. _nStage 2. |
|
| 906 |
_a7 _bcbc _ccopycat _d2 _encip _f20 _gy-gencatlg |
||
| 942 |
_2ddc _cTR |
||